| 000 | 00455nam a22001817a 4500 | ||
|---|---|---|---|
| 003 | OSt | ||
| 005 | 20180116183048.0 | ||
| 008 | 160725b xxu||||| |||| 00| 0 eng d | ||
| 020 | _a0 | ||
| 040 | _c0 | ||
| 082 | _a823.8 DIC 1970 | ||
| 100 | _aCharles Dickens | ||
| 245 |
_aA Tale Of Two Cities _cCharles Dickens |
||
| 260 |
_aRawalpindi _bNational Book Foundation _c1970 |
||
| 300 |
_a367 p. _bHB |
||
| 440 | _aA Tale Of Two Cities | ||
| 942 |
_2ddc _cBK |
||
| 999 |
_c351514 _d351514 |
||